Fundamentals Of Data Structures (Record no. 896)
[ view plain ]
| 000 -LEADER | |
|---|---|
| fixed length control field | 00396nam a2200157Ia 4500 |
| 008 - FIXED-LENGTH DATA ELEMENTS--GENERAL INFORMATION | |
| fixed length control field | 221030s9999 xx 000 0 und d |
| 041 ## - LANGUAGE CODE | |
| Language code of text/sound track or separate title | |
| 082 ## - DEWEY DECIMAL CLASSIFICATION NUMBER | |
| Classification number | 105.23 |
| Item number | Hor |
| 100 ## - MAIN ENTRY--AUTHOR NAME | |
| Personal name | E. Horowitz |
| 245 #0 - TITLE STATEMENT | |
| Title | Fundamentals Of Data Structures |
| Statement of responsibility, etc | by E. Horowitz, S. Sahni |
| 260 ## - PUBLICATION, DISTRIBUTION, ETC. (IMPRINT) | |
| Name of publisher | Galgotia Pub |
| Place of publication | New Delhi |
| Year of publication | 2001 |
| 300 ## - PHYSICAL DESCRIPTION | |
| Number of Pages | 564 |
| 650 ## - SUBJECT ADDED ENTRY--TOPICAL TERM | |
| Topical Term | BE Computer |
| 700 ## - ADDED ENTRY--PERSONAL NAME | |
| Personal name | S. Sahni |
| 942 ## - ADDED ENTRY ELEMENTS (KOHA) | |
| Koha item type | Books |
| Accession Number | Cost, normal purchase price | Full call number | Price effective from | Koha item type | Withdrawn / writtenoff status | Materials specified (bound volume or other part) | Damaged status | Not for loan | Permanent Location | Current Location | Shelving location | Date acquired | Lost/ Missing status | department |
|---|---|---|---|---|---|---|---|---|---|---|---|---|---|---|
| BE 4784 | 230.00 | 105.23 Hor | 10/30/2022 | Books | MIET Library, Jammu | MIET Library, Jammu | BL-Academic Block - A, FL-1, CUP-90, SH-3, R-3 | 10/18/2005 | BE | |||||
| BE 4719 | 230.00 | 105.23 Hor | 10/30/2022 | Books | Not For Loan | MIET Library, Jammu | MIET Library, Jammu | BL-Second, FL-1, CUP-58, SH-1, R-1 | 01/14/2000 | BE | ||||
| BE 4715 | 230.00 | 105.23 Hor | 10/30/2022 | Books | MIET Library, Jammu | MIET Library, Jammu | BL-Academic Block - A, FL-1, CUP-90, SH-3, R-3 | 01/14/2002 | BE | |||||
| BE 4716 | 230.00 | 105.23 Hor | 10/30/2022 | Books | MIET Library, Jammu | MIET Library, Jammu | BL-Academic Block - A, FL-1, CUP-90, SH-3, R-3 | 01/14/2002 | BE | |||||
| BE 4717 | 230.00 | 105.23 Hor | 10/30/2022 | Books | MIET Library, Jammu | MIET Library, Jammu | BL-Academic Block - A, FL-1, CUP-90, SH-3, R-3 | 01/14/2002 | BE | |||||
| BE 4718 | 230.00 | 105.23 Hor | 10/30/2022 | Books | MIET Library, Jammu | MIET Library, Jammu | BL-Academic Block - A, FL-1, CUP-90, SH-3, R-3 | 01/14/2002 | BE | |||||
| BE 4785 | 230.00 | 105.23 Hor | 10/30/2022 | Books | MIET Library, Jammu | MIET Library, Jammu | BL-Academic Block - A, FL-1, CUP-90, SH-3, R-3 | 03/16/2002 | BE | |||||
| BE 4786 | 230.00 | 105.23 Hor | 10/30/2022 | Books | MIET Library, Jammu | MIET Library, Jammu | BL-Academic Block - A, FL-1, CUP-90, SH-3, R-3 | 03/16/2002 | BE | |||||
| BE 4787 | 230.00 | 105.23 Hor | 10/30/2022 | Books | MIET Library, Jammu | MIET Library, Jammu | BL-Academic Block - A, FL-1, CUP-90, SH-3, R-3 | 03/16/2002 | BE | |||||
| BE 3960 | 175.00 | 105.23 Hor | 10/30/2022 | Books | MIET Library, Jammu | MIET Library, Jammu | BL-Academic Block - A, FL-1, CUP-90, SH-3, R-3 | 06/13/2001 | BE | |||||
| BE 3961 | 175.00 | 105.23 Hor | 10/30/2022 | Books | Not For Loan | MIET Library, Jammu | MIET Library, Jammu | BL-Second, FL-1, CUP-58, SH-1, R-1 | 06/13/2001 | BE |